Score 0/10 Timer 01:00
6 Plays Today
Clue 4-Letter Word % Correct
Pitt of 'Troy'BRAD
93.7%
'___ It Like Beckham'BEND
92.8%
Component of a rosary stringBEAD
86.8%
Dry, like a desert regionARID
79.8%
The classic style of wedding ringBAND
76.9%
HCl, e.g.ACID
71.6%
A network for distributing electrical powerGRID
69.6%
One-hundredth of a right angleGRAD
61.3%
Batman villain who debuted in 1993BANE
48.3%
NaOH, e.g.BASE
47.3%

Today's Daily Dose

Remove Ads.
Support Sporcle.
Get the best of Sporcle when you Go Orange. This ad-free experience offers more features, more stats, and more fun while also helping to support Sporcle. Thank you for becoming a member.

You're not logged in!

Compare scores with friends on all Sporcle quizzes.
OR
Log In

Show Comments

Extras

Top Quizzes Today


Score Distribution

Your Account Isn't Verified!

In order to create a playlist on Sporcle, you need to verify the email address you used during registration. Go to your Sporcle Settings to finish the process.

Report this User

Report this user for behavior that violates our Community Guidelines.

Details: